Statistics for Victorious Characters

Click here to take the quiz!

General Stats

  • This quiz has been taken 473 times
  • The average score is 10 of 10

Answer Stats

HintAnswer% Correct
Star of the show; gets into Hollywood Arts by filling in for her sister.Tori Vega
100%
Red-haired ditsy girl; has an addiction to a shopping magazine.Cat Valentine
99%
Mean-girl with highlights in her hair; dating the Canadian.Jade West
99%
Musical best friend to main character; lives with his crazy grandmother.Andre Harris
98%
Canadian; dating the mean girl.Beck Oliver
98%
Older sister of the star; gets her wisdom teeth removed in one episode.Trina Vega
98%
Puppet; makes fun of his owner.Rex Powers
97%
Nerdy, curly-haired friend; owns the puppet.Robbie Sharpiro
97%
Teacher of the acting class; loves coconuts.Erwin Sikowitz
87%
Weird, always interrupting conversations; skilled in the background work of the stage productions.Sinjin Van Cleef
82%

Score Distribution

Percentile by Number Answered

Percent of People with Each Score

Your Score History

You have not taken this quiz